01953nam a2200445 i 450000100060000000300080000600500170001400600190003100700150005000800410006502000270010603500230013303500240015603500250018003500220020504000310022705000240025808000140028208200150029610000300031124502790034126400490062030000680066933600310073733700330076833800430080150201000084450400290094458801250097359001590109865000200125765000280127765000170130565000180132265500270134070000420136779700190140985600620142899900170149042134FlNmELB20241216222024.0m o d | cr cnu||||||||160311s2013 cu a ob 000 0 spa d a9789591629371 (e book) a(MiAaPQ)EBC4310293 a(Au-PeEL)EBL4310293 a(CaPaEBR)ebr11138432 a(OCoLC)1105912669 aFINmELBbspaerdacFINmELB 4aRM301.27bY472 2013 a615.2.0380 a615.192231 aYera Alós, Isis Belkis.10aVigilancia post-comercialización de la efectividad y la seguridad del factor de crecimiento epidérmico humano recombinante intralesional en úlceras de pie diabético Cuba /cautora: Dra. Isis Belkis Yera Alós ; tutor: Prof. Tít. , Dr. Pedro Antonio López Saura. 1aLa Habana :bEditorial Universitaria,c2013. a1 recurso en línea (vii, 214 páginas) :bgráficos, tablas atextobtxt2rdacontent/spa acomputadorabc2rdamedia/spa arecurso en líneabcr2rdacarrier/spa aTesisbDoctor en Ciencias MédicascCentro de Ingeniería Genética y Biotecnologíad2013. aContiene bibliografía. aDescripción basada en recurso en línea; Título de la página del título en PDF (e-libro, visto March 11, 2015). aRecurso electronico. Santa Fe, Arg. : e-libro, 2016. Disponible via World Wide Web. El acceso puede ser limitado para las bibliotecas afiliadas a e-libro. 0aDrugsxTesting. 0aDiabetic FootxTherapy. 4aMedicamento. 4aEvaluación. 4aLibros electrónicos.1 aLópez Saura, Pedro Antonio,etutor.2 ae-libro, Corp.40uhttps://elibro.net/ereader/politecnicointernacional/90861 c42134d42134